Fuentelespino de Moya (Record no. 180090)

MARC details
000 -LEADER
campo de control de longitud fija 01101nam a2200277 i 4500
001 - NÚMERO DE CONTROL
campo de control 180090
003 - IDENTIFICADOR DE NÚMERO DE CONTROL
campo de control ES-MaACL
005 - FECHA Y HORA DE LA ÚLTIMA TRANSACCIÓN
campo de control 20230928114442.0
008 - DATOS DE LONGITUD FIJA--INFORMACIÓN GENERAL
campo de control de longitud fija 120416s1998 sp aceo |||| |dspa d
020 ## - NÚMERO INTERNACIONAL ESTÁNDAR DEL LIBRO
Número Internacional Estándar del Libro 84-95192-08-X
080 ## - NÚMERO DE LA CLASIFICACIÓN DECIMAL UNIVERSAL
Número de la Clasificación Decimal Universal 94(460.283Fuentelespino)
100 1# - ENTRADA PRINCIPAL--NOMBRE DE PERSONA
Nombre de persona Benedicto Sacristán, José.
9 (RLIN) 149777
245 10 - MENCIÓN DEL TÍTULO
Título Fuentelespino de Moya
Resto del título : cosas y gentes de un pueblo doblemente centenario /
Mención de responsabilidad, etc. por José Benedicto Sacristán y José Vicente Pérez de la Sierra.
260 ## - PUBLICACIÓN, DISTRIBUCIÓN, ETC.
Lugar de publicación, distribución, etc. Cuenca :
Nombre del editor, distribuidor, etc. Diputación Provincial de Cuenca, Departamento de Cultura,
Fecha de publicación, distribución, etc. [1998]
300 ## - DESCRIPCIÓN FÍSICA
Extensión 323 p. :
Otras características físicas il. col. y n., fot., planos ;
Dimensiones 26 cm.
490 1# - MENCIÓN DE SERIE
Mención de serie Historia ;
Designación de volumen o secuencia 25
504 ## - NOTA DE BIBLIOGRAFÍA, ETC.
Nota de bibliografía, etc. Bibliografía: p. 322-323.
651 #7 - PUNTO DE ACCESO ADICIONAL DE MATERIA--NOMBRE GEOGRÁFICO
Nombre geográfico Fuentelespino de Moya.
9 (RLIN) 149778
651 #4 - PUNTO DE ACCESO ADICIONAL DE MATERIA--NOMBRE GEOGRÁFICO
Nombre geográfico Cuenca (Provincia)-
Subdivisión general Descripción.
9 (RLIN) 137110
700 1# - ENTRADA AGREGADA--NOMBRE PERSONAL
Nombre de persona Pérez de la Sierra, José Vicente.
9 (RLIN) 149779
710 1# - ENTRADA AGREGADA--NOMBRE DE ENTIDAD CORPORATIVA
Nombre de entidad corporativa o nombre de jurisdicción como elemento de entrada Cuenca (Provincia).
Unidad subordinada Diputación Provincial.
9 (RLIN) 3346
830 0# - PUNTO DE ACCESO ADICIONAL DE SERIE-TÍTULO UNIFORME
Título uniforme Historia ;
Designación de volumen o secuencia 25
9 (RLIN) 177536
852 ## - LOCALIZACIÓN
Ubicación ES-MaACL
itemnumber 187000
Sublocalización o colección R.146822
Número de control de estantería A-12046
Signatura antigua Olim: N-5051
Ubicación en estantería Depósito 1
942 ## - ELEMENTOS DE ENTRADA SECUNDARIOS (KOHA)
Fuente del sistema de clasificación o colocación Clasificación decimal universal
Holdings
Estatus retirado Estado de pérdida Fuente del sistema de clasificación o colocación Estado de daño No para préstamo Biblioteca de origen Biblioteca actual Ubicación en estantería Fecha de adquisición Fuente de adquisición Total de préstamos Signatura topográfica completa Código de barras Visto por última vez Precio de reemplazo Tipo de ítem Koha
    Clasificación decimal universal     Biblioteca del Ateneo de Madrid Biblioteca del Ateneo de Madrid Depósito 1 16/04/2012 Donación   A-11246 1189225 23/02/2023 23/02/2023 Libro impreso